000 00251 a2200097 4500
001 54802
100 _aICRC
245 _aProtocols additional to the geneva convention of 12August 1949
260 _aGeneva
_bICRC
_c1996
090 _c33994
_d33994
942 _aNUST-CAE
_cMONOGRAPH
_c26662
999 _c289875
_d289875